Das bewährte Heilmittel heißt Arbeiten
| Titel: | Das bewährte Heilmittel heißt Arbeiten / Winfried Schirotzek |
|---|---|
| Verfasser: | |
| In: |
Schlesier in der DDR, (2009), Seite 30-41 alle Artikel anzeigen |
| Veröffentlicht: | 2009 |
| Format: | Aufsatz |
| Sprache: | Deutsch |
X
alg: 47481273 001A $03025:15-01-21 001B $01999:10-05-21 $t09:35:18.000 001D $03025:15-01-21 001U $0utf8 001X $00 002@ $0Aou 002C $aText $btxt $2rdacontent 002D $aohne Hilfsmittel zu benutzen $bn $2rdamedia 002E $aBand $bnc $2rdacarrier 003@ $0474812731 007A $0474812731 $aHEB 010@ $ager 010E $erda 011@ $a2009 013D $RQuelle $RBericht $RTagebuch $#Personal narratives $#Récits personnels $#Augenzeugenbericht Formschlagwort $#Eindrücke Formschlagwort $#Erlebnisgeschichte $#Reportage Formschlagwort $#Erfahrungsbericht $#Persönlicher Bericht $74133254-4 $8Erlebnisbericht [Ts1] $9085482919 021A $aDas @bewährte Heilmittel heißt Arbeiten $hWinfried Schirotzek 028A $BVerfasser $4aut $7106923021 $8Schirotzek, Winfried$Z1939-2021 [Tp1] $9141872705 031A $h30-41 $j2009 039B $aEnthalten in $8--Aau--. Schlesier in der DDR. - Görlitz : Schlesisches Museum, 2009. - 135 S.. - ISBN 978-3-00-027299-8 $x200900000000000970 $9211423262 044K $RNiederschlesien $#Breslau $#Wrocław $#Wrotizla $#Breßlau $#Breßlaw $#Vroclav $#Vratislav $#Vratislavia $#Vratislauiae $#Bresslau $#Wratislavia $#Brassel $#Bresla $#Wratislava $#Smirna $#Breslavia $#Wroclaw $74008216-7 $8Breslau [Tg1] $9085014184 044K $#Dresden $#Drježdźany $#Drezdzany $#Drezden $#Dreßden $#Königliche Haupt- und Residenzstadt Dresden $#Haupt- und Residenzstadt Dresden $#Drezno $#Drážd'any $#State Capital Dresden $#Dresde $#Landeshauptstadt Dresden $#Stadt Dresden $#Desde $#Dressden $#Dresda $#Friedrichstadt $74012995-0 $8Dresden [Tg1] $9085028460 044K $RSozialismus $#Staatssozialismus $74182676-0 $8Staatssozialismus [Ts1] $908587972X 045F $a306.0943850904 $eDDC23BSB 045F/01 $a306.09 045F/03 $f0904 045F/03 $g4385 045F/03 $g43 lok: 47481273 78 exp: 47481273 78 1 #EPN 201B/01 $015-01-21 $t13:30:15.000 201C/01 $015-01-21 201U/01 $0utf8 203@/01 $01136723080 208@/01 $a15-01-21 $be 209A/01 $a/ $f000 $x00 209A/01 $ab*p $x01 209A/01 $aTitel im TOC: "Das bewährte Heilmittel hieß Arbeiten" $x03 220C/01 $apgar 244Z/01 $#Schlesien $#Schlesien $#Herzogtum Schlesien $#Herzogtum Schlesien Schlesien $#Provinz Schlesien $#Śla̜sk $#Slezsko $#Silesia $74052678-1 $8--Tg1--Schlesien $x01 $9085146781 244Z/01 $7106923021 $8--Tp1--Schirotzek, Winfried$Z1939-2021 $x02 $9141872705 244Z/01 $#Mathematicians $#Mathématiciens $#Matematici $#Matemáticos $#Diplommathematiker $74037945-0 $8--Ts1--Mathematiker $x03 $9085103640 247C/01 $82080>Marburg/Lahn, Herder-Institut, Forschungsbibliothek, Bibliographieportal $9336309341
| LEADER | 00000caa a2200000 c 4500 | ||
|---|---|---|---|
| 001 | 474812731 | ||
| 003 | DE-603 | ||
| 005 | 20210510093518.0 | ||
| 007 | tu | ||
| 008 | 210115s2009 xx |||| | u00||u|ger c | ||
| 035 | |a (DE-599)HEB474812731 | ||
| 040 | |a DE-603 |b ger |c DE-603 |d DE-603 |e rda | ||
| 041 | |a ger | ||
| 082 | 0 | 4 | |8 1\u |a 306.0943850904 |q DE-101 |2 23/BSB |
| 085 | |8 1\u |b 306.09 | ||
| 085 | |8 1\u |z 1 |s 0904 | ||
| 085 | |8 1\u |z 2 |s 4385 | ||
| 085 | |8 1\u |z 2 |s 43 | ||
| 100 | 1 | |a Schirotzek, Winfried |d 1939-2021 |e Verfasser |4 aut |0 (DE-603)141872705 |0 (DE-588)106923021 |2 gnd | |
| 245 | 0 | 0 | |a Das bewährte Heilmittel heißt Arbeiten |c Winfried Schirotzek |
| 264 | 0 | |c 2009 | |
| 336 | |a Text |b txt |2 rdacontent | ||
| 337 | |a ohne Hilfsmittel zu benutzen |b n |2 rdamedia | ||
| 338 | |a Band |b nc |2 rdacarrier | ||
| 650 | 7 | |a Staatssozialismus |0 (DE-588)4182676-0 |0 (DE-603)08587972X |2 gnd | |
| 651 | 7 | |a Breslau |0 (DE-588)4008216-7 |0 (DE-603)085014184 |2 gnd | |
| 651 | 7 | |a Dresden |0 (DE-588)4012995-0 |0 (DE-603)085028460 |2 gnd | |
| 655 | 7 | |a Erlebnisbericht |2 gnd-content |0 (DE-588)4133254-4 |0 (DE-603)085482919 | |
| 773 | 0 | 8 | |i Enthalten in |t Schlesier in der DDR |d Görlitz : Schlesisches Museum, 2009 |h 135 S. |z 9783000272998 |g (2009), Seite 30-41 |w (DE-603)211423262 |
| 924 | 0 | |9 2080 |a (DE-603)1136723080 |b DE-2080 |c HES |d d |g / | |


